| 000 -LEADER |
| fixed length control field |
01610 a2200289 4500 |
| 003 - CONTROL NUMBER IDENTIFIER |
| control field |
Nust |
| 005 - DATE AND TIME OF LATEST TRANSACTION |
| control field |
20221017125212.0 |
| 010 ## - LIBRARY OF CONGRESS CONTROL NUMBER |
| LC control number |
2004300415 |
| 020 ## - INTERNATIONAL STANDARD BOOK NUMBER |
| International Standard Book Number |
0824748034 |
| 035 ## - SYSTEM CONTROL NUMBER |
| System control number |
(CStRLIN)PAUGV3510185-B |
| 035 ## - SYSTEM CONTROL NUMBER |
| System control number |
(PU)3510185 |
| 040 ## - CATALOGING SOURCE |
| Transcribing agency |
Nust |
| 082 00 - DEWEY DECIMAL CLASSIFICATION NUMBER |
| Classification number |
616.075422,SEM |
| 100 1# - MAIN ENTRY--PERSONAL NAME |
| Personal name |
Semmlow, John L. |
| 9 (RLIN) |
62275 |
| 245 10 - TITLE STATEMENT |
| Title |
Biosignal and biomedical image processing : |
| Remainder of title |
MATLAB-based applications / |
| Statement of responsibility, etc. |
John L. Semmlow. |
| 260 ## - PUBLICATION, DISTRIBUTION, ETC. |
| Place of publication, distribution, etc. |
New York : |
| Name of publisher, distributor, etc. |
Marcel Dekker ; |
| Place of publication, distribution, etc. |
London : |
| Name of publisher, distributor, etc. |
Taylor & Francis, |
| Date of publication, distribution, etc. |
2004. |
| 300 ## - PHYSICAL DESCRIPTION |
| Extent |
xviii, 423 p. : |
| Other physical details |
ill. ; |
| Dimensions |
24 cm. + |
| Accompanying material |
1 CD-ROM (4 3/4 in.) |
| 490 1# - SERIES STATEMENT |
| Series statement |
Signal processing series ; |
| Volume/sequential designation |
22 |
| 505 ## - FORMATTED CONTENTS NOTE |
| Formatted contents note |
Introduction (Page-1), Basic Concepts (Page-31), Special Analysis: Classical Methods (Page-61), Digital Filters (Page-87), Spectral Analysis: Modern Techniques (Page-125), Time-frequency Methods (Page-147), The Wavelet Transform (Page-177), Advanced Signal Processing Techniques (Page-213), Multivariate Analyses: Principal Component Analysis (Page-243), Fundamentals of Image Processing: MATLAB Image Processing Toolbox (Page-271), Image Processing Filters, Transformations, and Registration (Page-303), Image Segmentation (Page-343). |
| 650 #0 - SUBJECT ADDED ENTRY--TOPICAL TERM |
| Topical term or geographic name entry element |
Diagnostic imaging |
| General subdivision |
Digital techniques. |
| 9 (RLIN) |
82763 |
| 650 #0 - SUBJECT ADDED ENTRY--TOPICAL TERM |
| Topical term or geographic name entry element |
Image processing. |
| 650 #0 - SUBJECT ADDED ENTRY--TOPICAL TERM |
| Topical term or geographic name entry element |
Imaging systems in medicine. |
| 9 (RLIN) |
100459 |
| 830 #0 - SERIES ADDED ENTRY--UNIFORM TITLE |
| Uniform title |
Signal processing (Marcel Dekker, Inc.) ; |
| 9 (RLIN) |
97954 |
| 856 42 - ELECTRONIC LOCATION AND ACCESS |
| Materials specified |
Book review (E-STREAMS) |
| Uniform Resource Identifier |
<a href="http://www.e-streams.com/es0707/es0707_3393.html">http://www.e-streams.com/es0707/es0707_3393.html</a> |
| 856 42 - ELECTRONIC LOCATION AND ACCESS |
| Materials specified |
Publisher description |
| Uniform Resource Identifier |
<a href="http://www.loc.gov/catdir/enhancements/fy0647/2004300415-d.html">http://www.loc.gov/catdir/enhancements/fy0647/2004300415-d.html</a> |
| 942 ## - ADDED ENTRY ELEMENTS (KOHA) |
| Koha item type |
Book |
| Source of classification or shelving scheme |
|